00611nam a2200181Ia 4500952014400000999001700144003000400161005001700165008004100182020001500223040000900238082001800247100002700265245004100292260004500333300000900378942004200387 00102ddc40708GEOGRAPHY & TRAVELaMESbMEScTRAd2019-02-20g175.00l0o910.02 SIN/Pp25248r2019-02-20 00:00:00w2019-02-20yBKzGL35R4 c20644d20644OSt20200702105526.0190216s9999||||xx |||||||||||||| ||und|| a8186539050 coclc a910.02bSIN/P aSingh, Savindra 93441 0aPhysical Geography /cSavindra Singh bPrayag Pustak Bhawan,c2000.aAllahabad: a567p cBK2ddch910.02iSIN/Pk910.02mSIN/P